[Event "Challenge"]
[Site "http://www.queenalice.com/game.php?id=334074"]
[Date "2008.1.10"]
[Round "-"]
[White "danco69"]
[Black "MarcelVictor"]
[Result "0-1"]
[WhiteElo "1592"]
[BlackElo "1500"]

1. e4 d5 2. exd5 Qxd5 3. Nf3 Nc6 4. d3 e5 5. Be2 Nf6 6. c4 Qd8 7. Bg5 h6 8. Bxf6
Qxf6 9. Nc3 Bd6 10. Nd5 Qg6 11. O-O O-O 12. g3 Nd4 13. Nxd4 exd4 14. f4 c6 15.
Bh5 Qe6 16. Re1 Qh3 17. Qg4 Bxg4 18. Bxg4 Qxg4 19. Ne7+ Bxe7 20. Rxe7 Rae8 21.
Rxb7 Qh3 22. Rxa7 Re2 23. Rb7 Qg2# 0-1

[Event "Challenge"]
[Site "http://www.queenalice.com/game.php?id=338393"]
[Date "2008.1.18"]
[Round "-"]
[White "wilbrito"]
[Black "MarcelVictor"]
[Result "1-0"]
[WhiteElo "1726"]
[BlackElo "1542"]

1. e4 e5 2. Bc4 Nf6 3. Nc3 c6 4. Nf3 d5 5. exd5 cxd5 6. Bb3 d4 7. Nd5 Nxd5 8.
Nxe5 Be6 9. Qf3 Be7 10. Bxd5 Bxd5 11. Qg4 g6 12. d3 Be6 13. Qe4 Nc6 14. Nxc6
bxc6 15. Qxc6+ Bd7 16. Qe4 O-O 17. Qxd4 Bf6 18. Qc5 Re8+ 19. Be3 Bxb2 20. Rb1
Rb8 21. O-O a6 22. c3 Rc8 23. Qa7 Bxc3 24. Rb7 Be6 25. Qxa6 Bd5 26. Ra7 Qh4 27.
Rc1 1-0

[Event "BARON 58"]
[Site "http://www.queenalice.com/game.php?id=344666"]
[Date "2008.1.29"]
[Round "-"]
[White "mogerio"]
[Black "MarcelVictor"]
[Result "1-0"]
[WhiteElo "1424"]
[BlackElo "1495"]

1. e4 c5 2. d4 cxd4 3. Qxd4 Nc6 4. Qd5 Qa5+ 5. Qxa5 Nxa5 6. Bd2 b6 7. Bxa5 bxa5
8. Nc3 e5 9. O-O-O Nf6 10. Nf3 Bc5 11. Bb5 O-O 12. Nh4 Bxf2 13. g3 Rb8 14. Nd5
Rxb5 15. Ne7+ Kh8 16. Nxc8 Rxc8 17. Rhf1 Bd4 18. Rf3 Bxb2+ 19. Kd2 Nxe4+ 20. Ke3
Ng5 21. Rf5 h6 22. Rdf1 Bd4+ 23. Kd3 Rc3+ 24. Kd2 Kh7 25. Nf3 Nxf3+ 26. Ke2 Re3+
27. Kf2 Rb2 28. Kg2 Rxc2+ 29. Rf2 Rxf2+ 30. Kxf2 Ra3+ 31. Kg2 f6 32. Rxf3 Rxa2+
33. Kh3 1-0

[Event "BARON 58"]
[Site "http://www.queenalice.com/game.php?id=344667"]
[Date "2008.1.29"]
[Round "-"]
[White "mogerio"]
[Black "MarcelVictor"]
[Result "0-1"]
[WhiteElo "1469"]
[BlackElo "1787"]

1. e4 d5 2. e5 Nc6 3. d4 Bf5 4. Nf3 e6 5. Bd3 Bxd3 6. cxd3 Bb4+ 7. Bd2 Bxd2+ 8.
Qxd2 Nge7 9. O-O O-O 10. Ng5 Nf5 11. Qe2 Qxg5 12. g3 Ncxd4 13. Qe1 Nf3+ 14. Kg2
Nxe1+ 15. Rxe1 f6 16. exf6 Rxf6 17. h4 Nxh4+ 18. Kh3 Rh6 19. f4 Nf5+ 20. Kg2
Qxg3+ 21. Kf1 Rh1+ 22. Ke2 Qe3+ 23. Kd1 Qxd3+ 24. Kc1 Rxe1# 0-1

[Event "BARON 58"]
[Site "http://www.queenalice.com/game.php?id=344668"]
[Date "2008.1.29"]
[Round "-"]
[White "mogerio"]
[Black "MarcelVictor"]
[Result "0-1"]
[WhiteElo "1469"]
[BlackElo "1746"]

1. e4 e5 2. d4 exd4 3. Qxd4 Nc6 4. Qe3 Nf6 5. e5 Ng4 6. Qe4 d5 7. Qe2 Nd4 8. Qd2
Bc5 9. c3 Nc6 10. f3 Nf2 11. Qxf2 Bxf2+ 12. Kxf2 Nxe5 13. f4 Qf6 14. Ke1 Ng4 15.
Be2 O-O 16. h3 Qh4+ 17. Kf1 Qf2# 0-1

[Event "BARON 58"]
[Site "http://www.queenalice.com/game.php?id=344669"]
[Date "2008.1.29"]
[Round "-"]
[White "mogerio"]
[Black "MarcelVictor"]
[Result "1-0"]
[WhiteElo "1403"]
[BlackElo "1522"]

1. e4 c5 2. d4 cxd4 3. Qxd4 Nc6 4. Qd5 Nb4 5. Qd2 Qa5 6. c3 Nc6 7. b4 Qe5 8. Qf4
Qxc3+ 9. Nd2 Qxa1 10. Kd1 e5 11. Nb3 Qxa2 12. Qf3 Nd4 13. Qd3 Nxb3 14. Qc2 Qxc2+
15. Kxc2 Nxc1 16. Kxc1 Bxb4 17. Bc4 Nf6 18. h4 d6 19. g4 Bxg4 20. f3 Bh5 21. f4
Rc8 22. fxe5 dxe5 23. Nh3 Rxc4+ 24. Kb2 Nxe4 25. Ra1 Bc3+ 26. Kb3 Nd2+ 27. Kc2
Bxa1+ 28. Kxd2 O-O 29. Ng5 Rd8+ 30. Ke3 e4 31. Kf4 g6 32. Nh3 Re8 33. Ng5 e3+
34. Kg3 1-0

[Event "Challenge"]
[Site "http://www.queenalice.com/game.php?id=347581"]
[Date "2008.2.2"]
[Round "-"]
[White "GaloVeio"]
[Black "MarcelVictor"]
[Result "1-0"]
[WhiteElo "1724"]
[BlackElo "1707"]

1. d4 d5 2. e3 c5 3. dxc5 Qa5+ 4. Nc3 Qxc5 5. h3 Nf6 6. Nf3 Nc6 7. a3 e5 8. Bb5
e4 9. Nd4 a6 10. Be2 Nxd4 11. O-O Nxe2+ 12. Nxe2 Bd6 13. b4 1-0

[Event "Challenge"]
[Site "http://www.queenalice.com/game.php?id=351572"]
[Date "2008.2.9"]
[Round "-"]
[White "MarcelVictor"]
[Black "roqqk"]
[Result "0-1"]
[WhiteElo "1672"]
[BlackElo "1547"]

1. c4 e5 2. e4 c5 3. Nf3 d6 4. Nc3 Nc6 5. Bd3 Nd4 6. Nxd4 cxd4 7. Nd5 Nh6 8. Bc2
Be7 9. d3 O-O 10. Bxh6 gxh6 11. Nxe7+ Qxe7 12. Qh5 Qg5 13. Qxg5+ hxg5 14. g4
Bxg4 15. Rg1 h5 16. Bd1 Bxd1 17. Rxg5+ Kh7 18. Kxd1 Kh6 19. h4 f6 20. Rg3 f5 21.
f3 fxe4 22. dxe4 Rf4 23. Rh3 Raf8 24. Ke2 d3+ 25. Kxd3 Rxf3+ 26. Rxf3 Rxf3+ 27.
Kc2 Rh3 28. Rd1 Rxh4 29. Rxd6+ Kg5 30. Rd7 Rxe4 31. b3 h4 32. c5 h3 33. Rg7+ Kf4
34. Rxb7 h2 35. Rh7 Re2+ 36. Kd3 Rxa2 37. c6 e4+ 38. Kd4 Rd2+ 39. Kc5 Kg3 40. c7
Rc2+ 41. Kd6 Rc1 42. Kd7 Kg2 43. Rg7+ Kf2 44. Rh7 Kg2 45. Rg7+ Kf2 46. Rh7 Kg1
0-1

[Event "AUTO-OPEN-1009"]
[Site "http://www.queenalice.com/game.php?id=351600"]
[Date "2008.2.9"]
[Round "1"]
[White "lejunges"]
[Black "MarcelVictor"]
[Result "1-0"]
[WhiteElo "1502"]
[BlackElo "1453"]

1. e4 c5 2. f3 e5 3. c4 Nc6 4. d3 Nf6 5. Bg5 Be7 6. Nc3 Nh5 7. Bxe7 Qxe7 8. Nd5
Qd6 9. g4 Nf4 10. Nh3 Nxd5 11. cxd5 Nd4 12. Ng5 Qf6 13. Qd2 h6 14. O-O-O hxg5
15. Bg2 d6 16. Qa5 O-O 17. Rhe1 b6 18. Qa4 1-0

[Event "AUTO-OPEN-1009"]
[Site "http://www.queenalice.com/game.php?id=351601"]
[Date "2008.2.9"]
[Round "1"]
[White "MarcelVictor"]
[Black "lejunges"]
[Result "0-1"]
[WhiteElo "1471"]
[BlackElo "1487"]

1. e4 e5 2. Nf3 f6 3. d4 Bb4+ 4. c3 Ba5 5. dxe5 Nc6 6. exf6 Nxf6 7. Bd3 Ng4 8.
Bg5 Ne7 9. h3 Nf6 10. e5 Nfd5 11. Bc4 c6 12. Bxd5 cxd5 13. Bxe7 Qxe7 14. Qxd5
Bb6 15. Nbd2 Rf8 16. O-O a5 0-1

[Event "AUTO-OPEN-1009"]
[Site "http://www.queenalice.com/game.php?id=351624"]
[Date "2008.2.9"]
[Round "1"]
[White "diego2907"]
[Black "MarcelVictor"]
[Result "1-0"]
[WhiteElo "1793"]
[BlackElo "1530"]

1. e4 e5 2. Bc4 Nf6 3. Nf3 d6 4. Ng5 Be6 5. Bxe6 fxe6 6. Nxe6 Qe7 7. Ng5 h6 8.
Nh3 Nxe4 9. d3 Nc5 10. Qh5+ Kd7 11. Nc3 Nc6 12. Be3 Rd8 13. Bxc5 1-0

[Event "AUTO-OPEN-1009"]
[Site "http://www.queenalice.com/game.php?id=351625"]
[Date "2008.2.9"]
[Round "1"]
[White "MarcelVictor"]
[Black "diego2907"]
[Result "0-1"]
[WhiteElo "1742"]
[BlackElo "1784"]

1. d4 d5 2. Nc3 e6 3. Nf3 Bb4 4. Bd2 a6 5. e4 Bxc3 6. Bxc3 c6 7. exd5 cxd5 8.
Ne5 Nf6 9. Bd3 Nbd7 10. O-O h6 11. Nxd7 Bxd7 12. Bb4 Qb6 0-1

[Event "AUTO-OPEN-1009"]
[Site "http://www.queenalice.com/game.php?id=351640"]
[Date "2008.2.9"]
[Round "1"]
[White "MarcelVictor"]
[Black "IrineuFilho"]
[Result "0-1"]
[WhiteElo "1566"]
[BlackElo "1589"]

1. c4 e5 2. Nc3 Nc6 3. Nf3 Bb4 4. Nd5 Nf6 5. Nxb4 d5 6. cxd5 Nxb4 7. Qa4+ Nc6 8.
dxc6 bxc6 9. Qxc6+ Bd7 10. Qc2 O-O 11. Nxe5 Re8 0-1

[Event "AUTO-OPEN-1009"]
[Site "http://www.queenalice.com/game.php?id=351641"]
[Date "2008.2.9"]
[Round "1"]
[White "IrineuFilho"]
[Black "MarcelVictor"]
[Result "1-0"]
[WhiteElo "1572"]
[BlackElo "1594"]

1. f4 Nc6 2. Nf3 d5 3. e3 Nf6 4. d4 Bg4 5. Bb5 e6 6. h3 Bxf3 7. Qxf3 Qd7 8. Nc3
a6 9. Bxc6 Qxc6 10. a3 Be7 11. O-O 1-0

[Event "AUTO-ADV-799"]
[Site "http://www.queenalice.com/game.php?id=352111"]
[Date "2008.2.10"]
[Round "1"]
[White "Hakkinen"]
[Black "MarcelVictor"]
[Result "1-0"]
[WhiteElo "1786"]
[BlackElo "1628"]

1. d4 d5 2. c4 Nf6 3. Nc3 Be6 4. c5 Ne4 5. Nxe4 dxe4 6. f3 exf3 7. exf3 Nc6 8.
Bb5 a6 9. Bxc6+ bxc6 10. Ne2 Bf5 11. O-O e6 12. Bf4 Be7 13. Qa4 1-0

[Event "AUTO-ADV-799"]
[Site "http://www.queenalice.com/game.php?id=352112"]
[Date "2008.2.10"]
[Round "1"]
[White "MarcelVictor"]
[Black "Hakkinen"]
[Result "0-1"]
[WhiteElo "1609"]
[BlackElo "1796"]

1. d4 d5 2. Nc3 e6 3. e4 Bb4 4. exd5 exd5 5. Nf3 Nf6 6. Bd2 O-O 7. a3 Re8+ 8.
Be2 Bxc3 9. Bxc3 Qe7 10. Ne5 Nbd7 11. O-O Ne4 12. Bd3 Ndf6 0-1

[Event "AUTO-ADV-799"]
[Site "http://www.queenalice.com/game.php?id=352127"]
[Date "2008.2.10"]
[Round "1"]
[White "diego2907"]
[Black "MarcelVictor"]
[Result "1-0"]
[WhiteElo "1767"]
[BlackElo "1789"]

1. e4 e5 2. Bc4 c6 3. Nf3 d6 4. d3 d5 5. Bb3 dxe4 6. Nxe5 Nf6 7. Nxf7 Qd4 8. Be3
Qxb2 9. Nd2 Bb4 10. Nxh8 Bd7 11. Nf7 1-0

[Event "AUTO-ADV-799"]
[Site "http://www.queenalice.com/game.php?id=352137"]
[Date "2008.2.10"]
[Round "1"]
[White "Eduardomoreto67"]
[Black "MarcelVictor"]
[Result "1-0"]
[WhiteElo "1974"]
[BlackElo "1820"]

1. e4 d5 2. exd5 Qxd5 3. Nc3 Qd8 4. d4 Nf6 5. Nf3 Be6 6. Be2 Bd5 7. Nxd5 Nxd5 8.
c4 Nf6 9. O-O e6 10. Bg5 h6 11. Bxf6 Qxf6 12. Qb3 b6 13. Ne5 Be7 14. Qb5+ 1-0

[Event "AUTO-ADV-799"]
[Site "http://www.queenalice.com/game.php?id=352138"]
[Date "2008.2.10"]
[Round "1"]
[White "MarcelVictor"]
[Black "Eduardomoreto67"]
[Result "0-1"]
[WhiteElo "1863"]
[BlackElo "1962"]

1. d4 Nf6 2. Nf3 e6 3. Nc3 d5 4. Bg5 Nbd7 5. e3 Be7 6. Bxf6 Nxf6 7. Bd3 c5 8.
O-O c4 9. Be2 O-O 10. b3 Qa5 11. Qd2 Bb4 12. bxc4 Bxc3 13. Qd3 dxc4 14. Qxc4
Bxa1 0-1